Zoomed in Country Flags #7 - Statistics

General Stats
  • This quiz has been taken 61 times
  • The average score is 7 of 8
Answer Stats
Picture Answer % Correct
Australia
100%
Canada
100%
Iran
98%
Bosnia and Herzegovina
96%
Qatar
96%
Scotland
89%
Liberia
85%
Trinidad and Tobago
85%
No matching quizzes found
Score Distribution
Percent of People with Each Score
Percentile by Number Answered
Your Score History
You have not taken this quiz